| 000 | 00346nam a22001457a 4500 | ||
|---|---|---|---|
| 020 | _a0-380-75873-3 | ||
| 082 |
_a823 _bART/R |
||
| 100 | _aMCARTHUR, NANACY | ||
| 245 | _aTHE RETURN OF THE PLANT THAT ATE DIRTY SOCKS | ||
| 260 |
_aNEWYORK _bAVON BOOKS _c1990 |
||
| 300 | _a136 | ||
| 520 | _aENGLISH STORY | ||
| 650 | _aENGLISH STORY | ||
| 942 | _cBK | ||
| 999 |
_c5638 _d5638 |
||